000
00324nam a22001457a 4500
008
210506b ||||| |||| 00| 0 eng d
020
_a
9781590598085
041
_a
eng
080
_a
004
082
_a
004
100
_a
28
101
_a
SHKI
245
_a
Pro Share Point Solution Development
_c
Ed Hild
942
_2
udc
_c
BK
999
_c
57086
_d
57086